00438nam a2200157Ia 4500001000500000005001700005008004100022041000800063082001600071100002900087245011100116260000900227300002800236650000800264654000800272797120260306160534.0260306t2016||||xx |||||||||||||| ||spa|| aESP a364.25bB24 aBaratta, AlessandroeAUT 0aCriminología crítica y crítica del derecho penal:bintroducción a la sociología jurídico-penal c2016 a258 páginas :c21 cm. aGEN aCPS